Gangnam Style Lyrics (in English) - Statistics

General Stats
  • This quiz has been taken 46 times
  • The average score is 8 of 13
Answer Stats
Lyrics % Correct
Eh, {sexy} {lady}
84%
Eh, {sexy} {lady}
84%
Eh, {sexy} {lady}
84%
Eh, {sexy} {lady}
84%
Eh, {sexy} {lady}
84%
Eh, {sexy} {lady}
84%
그래, 너 ({Hey}), 그래, 바로 너 ({Hey})
58%
그래, 너 ({Hey}), 그래, 바로 너 ({Hey})
58%
그래, 너 ({Hey}), 그래, 바로 너 ({Hey})
58%
그래, 너 ({Hey}), 그래, 바로 너 ({Hey})
58%
{Baby}, {baby}, 나는 뭘 좀 아는 놈
37%
{Baby}, {baby}, 나는 뭘 좀 아는 놈
37%
({You} {know} {what} {I'm} {sayin'}?)
26%
No matching quizzes found
Score Distribution
Percent of People with Each Score
Percentile by Number Answered
Your Score History
You have not taken this quiz